Southville International School and Colleges
Your cart is empty.
  • Cart
  • Lists
    Public lists Eva Luna New books Lux_list list_1
    Your lists Log in to create your own lists
  • Log in to your account
  • Your cookies
  • Search history
Southville International School and Colleges
  • Advanced search
  • Recent comments
  • Most popular
  • Libraries

Log in to your account

Log in with GOOGLE


If you do not have an external account, but do have a local account, you can still log in:

  1. Home
  2. MARC view: A Lolong time ago:
Normal view MARC view ISBD view

A Lolong time ago: (Record no. 359481)

[ view plain ]
MARC details
000 -LEADER
fixed length control field 00676nam a2200205Ia 4500
003 - CONTROL NUMBER IDENTIFIER
control field SISC
005 - DATE AND TIME OF LATEST TRANSACTION
control field 20181204065516.0
008 - FIXED-LENGTH DATA ELEMENTS--GENERAL INFORMATION
fixed length control field 181126s9999 xx 000 0 und d
020 ## - INTERNATIONAL STANDARD BOOK NUMBER
International Standard Book Number 9786214220007
050 ## - LIBRARY OF CONGRESS CALL NUMBER
Classification number DS 661
Item number .Su939 2016
100 ## - MAIN ENTRY--PERSONAL NAME
Personal name Suarez, Michelline
245 ## - TITLE STATEMENT
Statement of responsibility, etc Michelline Suarez
Title A Lolong time ago:
Remainder of title a prehistory of the Philippines/
260 ## - PUBLICATION, DISTRIBUTION, ETC. (IMPRINT)
Place of publication, distribution, etc Manila :
Name of publisher, distributor, etc Tahanan Books for Young Readers
Date of publication, distribution, etc 2016
300 ## - PHYSICAL DESCRIPTION
Extent 175 pages :
Other physical details illustrated
Dimensions 19 cm.
500 ## - GENERAL NOTE
General note Includes index and bibliographic references
650 ## - SUBJECT ADDED ENTRY--TOPICAL TERM
Topical term or geographic name as entry element Philippines -- History -- Juvenile literature
650 ## - SUBJECT ADDED ENTRY--TOPICAL TERM
Topical term or geographic name as entry element Philippines -- History -- Sources
942 ## - ADDED ENTRY ELEMENTS (KOHA)
Source of classification or shelving scheme Library of Congress Classification
Koha item type Books
Holdings
Withdrawn status Lost status Source of classification or shelving scheme Damaged status Home library Current library Shelving location Date acquired Source of acquisition Total Checkouts Full call number Barcode Date last seen Price effective from Koha item type
    Library of Congress Classification   Luxembourg Library Luxembourg Library Filipiniana Section 11/26/2018 Library Fund   DS 661 .Su939 2016 20682 11/26/2018 11/26/2018 Books

A Lolong time ago:

APA

Suarez M., . (2016). A Lolong time ago. Manila: Tahanan Books for Young Readers.

Chicago

Suarez Michelline, . 2016. A Lolong time ago. Manila: Tahanan Books for Young Readers.

Harvard

Suarez M., . (2016). A Lolong time ago. Manila: Tahanan Books for Young Readers.

MLA

Suarez Michelline, . A Lolong time ago. Manila: Tahanan Books for Young Readers. 2016.

  • Place hold
  • Print
  • Cite
  • Add to your cart (remove)
  • Save record
    BIBTEX Dublin Core MARCXML MARC (non-Unicode/MARC-8) MARC (Unicode/UTF-8) MARC (Unicode/UTF-8, Standard) MODS (XML) RIS
  • More searches
    Search for this title in:
    Other Libraries (WorldCat) Other Databases (Google Scholar) Online Stores (Bookfinder.com) Open Library (openlibrary.org)

Exporting to Dublin Core...

SOUTHVILLE LIBRARY

Southville International School and Colleges Library

1281 Tropical Ave. Cor. Luxembourg St., BF Homes International, Las Pinas City

Tel. No. 8256374 / 252358 Loc. 117/146

Powered by Koha